Supervising police personnel : (Record no. 5725)

MARC details
000 -LEADER
fixed length control field 00873pam a2200205 a 4500
020 ## - INTERNATIONAL STANDARD BOOK NUMBER
ISBN 0136166733 (hardcover)
020 ## - INTERNATIONAL STANDARD BOOK NUMBER
ISBN 9780136166733
050 00 - CALL NUMBER
Classification number HV7936.S8
Item number W48
100 1# - AUTHOR
Personal name Whisenand, Paul M.
245 10 - TITLE
Title Supervising police personnel :
Remainder of title the fifteen responsibilities /
Statement of responsibility, etc Paul M. Whisenand, George E. Rush.
250 ## - EDITION
Edition statement 3rd ed.
260 ## - PUBLICATION INFORMATION
Place of publication Upper Saddle River, N.J. :
Name of publisher Prentice Hall,
Year of publication c1998.
300 ## - DESCRIPTION
Number of Pages xiii, 367 p. :
Other physical details ill. ;
Dimensions 25 cm.
500 ## - NOTES
General note Includes index.
505 ## - FORMATTED CONTENTS NOTE
Table of Content Values --<br/>Ethics --<br/>Leadership --<br/>Communications --<br/>Time management --<br/>Motivation --<br/>Goals --<br/>Empowerment --<br/>Performance --<br/>Conflict --<br/>Stress --<br/>Organizing --<br/>Teamwork --<br/>Community-oriented and problem-oriented policing --<br/>Anticipation.
650 #0 - SUBJECTS
Topical Term Police
General subdivision Supervision of.
650 #0 - SUBJECTS
Topical Term Police
General subdivision Supervision of
700 1# - OTHER AUTHORS
Personal name Rush, George E.
942 ## - ADDED ENTRY ELEMENTS (KOHA)
Koha item type Books
Holdings
Withdrawn status Lost status Collection code Home library Current library Shelving location Date acquired Full call number Accession Number Koha item type
    Reference Methodist University Library Main Methodist University Library Main General Stacks   HV7936.S8 W48 22842 Books
Copyright © 2026  MUG Library